[Event "SAIF POWERTEC 45th BAN Ch 2019"]
[Site "Dhaka"]
[Date "2019.11.08"]
[Round "7.9"]
[White "Ahmed, Sheikh Nasir"]
[Black "Hossain, Delwar"]
[Result "1-0"]
[WhiteElo "2185"]
[BlackElo "2080"]
[Annotator "ChessBase"]
[PlyCount "185"]
[EventDate "2019.11.02"]
[EventType "swiss"]
[EventCountry "BAN"]
[SourceTitle "playchess.com"]
[Source "ChessBase"]
[SourceQuality "1"]
[TimeControl "40/5400+30:1800+30"]

1. e4 {[%emt 1:30:30]} d6 {[%emt 0:07:31]} 2. d4 {[%emt 0:00:00]} Nf6 {[%emt 0:00:06]} 3. Nc3 {[%emt 0:00:00]} g6 {[%emt 0:00:19]} 4. Bg5 {[%emt 0:00:00]} Bg7 {[%emt 0:00:14]} 5. f4 {[%emt 0:00:00]} c6 {[%emt 0:02:57]} 6. Qd2 {[%emt 0:00:00]} h6 {[%emt 0:01:45]} 7. Bh4 {[%emt 0:00:00]} Qa5 {[%emt 0:02:05]} 8. h3 {[%emt 0:00:00]} Nbd7 {[%emt 0:03:29]} 9. Nf3 {[%emt 0:00:00]} a6 {[%emt 0:03:09]} 10. Bd3 {[%emt 0:00:00]} e5 {[%emt 0:09:08]} 11. O-O {[%emt 0:00:00]} exd4 {[%emt 0:11:08]} 12. Nxd4 {[%emt 0:00:00]} O-O {[%emt 0:00:49]} 13. Kh1 {[%emt 0:00:00]} Nh5 {[%emt 0:06:52]} 14. Nf3 {[%emt 0:00:00]} Re8 {[%emt 0:01:56]} 15. Rae1 {[%emt 0:00:00]} Qb4 {[%emt 0:05:30]} 16. g4 {[%emt 0:00:00]} Nhf6 {[%emt 0:00:51]} 17. e5 {[%emt 0:00:00]} dxe5 {[%emt 0:02:29]} 18. fxe5 {[%emt 0:00:00]} Nh7 {[%emt 0:06:53]} 19. e6 {[%emt 0:00:00]} Rxe6 {[%emt 0:04:17]} 20. Rxe6 {[%emt 0:00:00]} fxe6 {[%emt 0:00:13]} 21. Nd5 {[%emt 0:00:00]} Qxd2 {[%emt 0:08:06]} 22. Ne7+ {[%emt 0:00:00]} Kf8 {[%emt 0:01:37]} 23. Nxd2+ {[%emt 0:00:00]} Bf6 {[%emt 0:02:11]} 24. Nxg6+ {[%emt 0:00:27]} Kg7 {[%emt 0:00:19]} 25. Bxf6+ {[%emt 0:01:59]} Nhxf6 {[%emt 0:00:26]} 26. Nc4 {[%emt 0:02:56]} b5 {[%emt 0:02:41]} 27. Nd6 {[%emt 0:02:06]} Nc5 {[%emt 0:04:05]} 28. Ne5 {[%emt 0:00:31]} Nb7 {[%emt 0:01:21]} 29. Ne4 {[%emt 0:00:47]} Nxe4 {[%emt 0:02:08]} 30. Bxe4 {[%emt 0:01:37]} Nd6 {[%emt 0:01:45]} 31. Bxc6 {[%emt 0:00:02]} Ra7 {[%emt 0:00:29]} 32. c3 {[%emt 0:01:09]} Rc7 {[%emt 0:01:09]} 33. Kg1 {[%emt 0:00:50]} Nc4 {[%emt 0:01:05]} 34. Nxc4 {[%emt 0:00:20]} bxc4 {[%emt 0:00:17]} 35. Be4 {[%emt 0:00:46]} Bb7 {[%emt 0:00:55]} 36. Re1 {[%emt 0:01:24]} Bd5 {[%emt 0:00:33]} 37. Bxd5 {[%emt 0:00:41]} exd5 {[%emt 0:01:07]} 38. Kf2 {[%emt 0:00:17]} Kf6 {[%emt 0:01:05]} 39. Re2 {[%emt 0:01:17]} Rd7 {[%emt 0:02:10]} 40. Ke3 {[%emt 0:00:00]} Ke5 {[%emt 0:00:00]} 41. Rf2 {[%emt 0:01:57]} Re7 {[%emt 0:02:16]} 42. Kd2 {[%emt 0:00:50]} Rb7 {[%emt 0:01:17]} 43. Kc2 {[%emt 0:00:42]} Rb6 {[%emt 0:00:17]} 44. b3 {[%emt 0:02:40]} Rc6 {[%emt 0:00:43]} 45. b4 {[%emt 0:02:38]} Ke4 {[%emt 0:01:02]} 46. a4 {[%emt 0:00:54]} Rg6 {[%emt 0:01:50]} 47. Rf5 {[%emt 0:01:58]} d4 {[%emt 0:00:25]} 48. cxd4 {[%emt 0:00:30]} Kxd4 {[%emt 0:00:32]} 49. Rf4+ {[%emt 0:00:21]} Kd5 {[%emt 0:00:42]} 50. Kc3 {[%emt 0:00:06]} Re6 {[%emt 0:00:58]} 51. Rd4+ {[%emt 0:01:29]} Kc6 {[%emt 0:00:09]} 52. Rxc4+ {[%emt 0:02:26]} Kb6 {[%emt 0:00:25]} 53. Rd4 {[%emt 0:01:36]} Re3+ {[%emt 0:00:50]} 54. Rd3 {[%emt 0:00:03]} Re6 {[%emt 0:00:20]} 55. Rg3 {[%emt 0:00:53]} a5 {[%emt 0:01:10]} 56. Rd3 {[%emt 0:05:09]} axb4+ {[%emt 0:01:08]} 57. Kxb4 {[%emt 0:00:02]} Re4+ {[%emt 0:00:50]} 58. Kb3 {[%emt 0:00:01]} Kc5 {[%emt 0:01:11]} 59. Rf3 {[%emt 0:00:50]} Rb4+ {[%emt 0:01:12]} 60. Ka3 {[%emt 0:00:17]} Re4 {[%emt 0:01:08]} 61. Rf5+ {[%emt 0:02:13]} Kc4 {[%emt 0:00:17]} 62. Rh5 {[%emt 0:00:12]} Re3+ {[%emt 0:01:39]} 63. Kb2 {[%emt 0:00:04]} Re2+ {[%emt 0:00:45]} 64. Kc1 {[%emt 0:00:23]} Kc3 {[%emt 0:01:21]} 65. Kd1 {[%emt 0:00:08]} Re6 {[%emt 0:00:25]} 66. a5 {[%emt 0:00:30]} Kd3 {[%emt 0:00:25]} 67. Rb5 {[%emt 0:02:15]} Rf6 {[%emt 0:02:00]} 68. Ke1 {[%emt 0:01:00]} Ra6 {[%emt 0:01:05]} 69. Kf2 {[%emt 0:00:22]} Ke4 {[%emt 0:00:58]} 70. Kg3 {[%emt 0:00:13]} Ra8 {[%emt 0:01:04]} 71. Kh4 {[%emt 0:00:22]} Kf4 {[%emt 0:01:03]} 72. Rf5+ {[%emt 0:00:57]} Ke4 {[%emt 0:00:21]} 73. Rf6 {[%emt 0:00:38]} Rxa5 {[%emt 0:00:27]} 74. Rxh6 {[%emt 0:00:04]} Ra8 {[%emt 0:00:49]} 75. Rf6 {[%emt 0:00:03]} Ke5 {[%emt 0:00:50]} 76. Rf5+ {[%emt 0:00:02]} Ke6 {[%emt 0:00:25]} 77. Kg3 {[%emt 0:00:20]} Ra3+ {[%emt 0:00:32]} 78. Rf3 {[%emt 0:00:02]} Ra5 {[%emt 0:00:34]} 79. h4 {[%emt 0:00:14]} Ra1 {[%emt 0:00:35]} 80. Rb3 {[%emt 0:08:09]} Ra6 {[%emt 0:01:14]} 81. h5 {[%emt 0:03:11]} Kf6 {[%emt 0:00:39]} 82. Kh4 {[%emt 0:00:03]} Ra5 {[%emt 0:01:57]} 83. g5+ {[%emt 0:00:39]} Kg7 {[%emt 0:00:48]} 84. Rb7+ {[%emt 0:00:02]} Kh8 {[%emt 0:01:11]} 85. h6 {[%emt 0:00:32]} Ra6 {[%emt 0:01:41]} 86. Kh5 {[%emt 0:00:10]} Ra5 {[%emt 0:01:06]} 87. Re7 {[%emt 0:01:23]} Rb5 {[%emt 0:00:34]} 88. Kg6 {[%emt 0:00:41]} Rb6+ {[%emt 0:00:45]} 89. Kf5 {[%emt 0:00:27]} Rb8 {[%emt 0:01:52]} 90. g6 {[%emt 0:01:14]} Kg8 {[%emt 0:01:13]} 91. Re5 {[%emt 0:00:17]} Ra8 {[%emt 0:00:42]} 92. Kg5 {[%emt 0:00:08]} Kh8 {[%emt 0:00:42]} 93. h7 {[%emt 0:00:32]} 1-0

[Event "SAIF POWERTEC 45th BAN Ch 2019"]
[Site "Dhaka"]
[Date "2019.11.08"]
[Round "7.10"]
[White "Zia, Tahsin Tajwar"]
[Black "Md., Sharif Hossain"]
[Result "0-1"]
[WhiteElo "2058"]
[BlackElo "2148"]
[Annotator "TA"]
[PlyCount "68"]
[EventDate "2019.11.02"]
[EventType "swiss"]
[EventCountry "BAN"]
[SourceTitle "playchess.com"]
[Source "ChessBase"]
[SourceQuality "1"]

{[%evp 11,68,21,43,12,8,6,0,0,28,11,28,0,0,0,0,0,33,18,64,-49,-50,-52,-51,-218,-227,-222,-214,-359,-340,-349,-332,-385,-406,-401,-397,-437,-420,-421,-408,-454,-433,-541,-533,-564,-515,-547,-557,-557,-557,-537,-531,-734,-730,-722,-685,-714,-691,-2177,-1952]} 1. Nf3 c5 2. g3 Nc6 3. Bg2 g6 4. O-O Bg7 5. c4 a6 6. Nc3 Rb8 7. a3 {A37: Symmetrical English vs ...g6: 4 Bg2 Bg7 5 Nf3} b5 8. cxb5 axb5 9. b4 {The position is equal.} cxb4 (9... Nxb4 $5 10. Rb1 (10. axb4 cxb4 11. Qb3 bxc3 $14) 10... Nc6 $11) 10. axb4 Nf6 11. Rb1 d5 12. d4 Bf5 13. Bf4 $146 ({Predecessor:} 13. Rb3 Ne4 14. Bf4 Rb6 15. Ne5 O-O 16. h3 Nxc3 17. Rxc3 Nxe5 18. Bxe5 Bxe5 19. dxe5 d4 20. Rc5 Be6 21. Qd2 Qd7 22. h4 Rd8 23. Bf3 Bc4 {½-½ (35) Hickl,J (2570)-Bricard,E (2440) Montpellier 1993}) 13... Rc8 14. Rc1 ({Reject} 14. Nxb5 Bxb1 15. Qxb1 Ne4 $17) 14... Nh5 15. Nxd5 (15. Be3 $14) 15... Qxd5 $15 16. Ne5 $1 Be4 17. Rc5 $2 (17. Bxe4 $15 Qxe4 18. f3) 17... Bxg2 $19 18. Rxd5 Bxd5 $40 {[%mdl 128] Black wants a kill.} 19. e4 (19. Bg5 {was necessary.}) 19... Bxe4 20. Qe2 Bd5 21. Qxb5 Nxf4 22. gxf4 e6 23. Nxc6 Bxc6 (23... Rxc6 24. Rc1 $11) 24. Qc5 Kd7 25. Ra1 {[#] And now Ra7+ would win.} Rc7 $1 {Black is clearly winning.} 26. d5 Bxd5 ({Weaker is} 26... Bxa1 27. dxc6+ Rxc6 28. Qa7+ Rc7 29. Qxa1 $15) 27. Ra7 Rhc8 28. Qb5+ Kd6 {( -> ...Rc1+)} 29. Rxc7 Rxc7 30. Qb6+ Kd7 {[%cal Rc7c1]} 31. Qe3 {[#]} Bd4 $1 {[%mdl 512]} 32. Qd2 (32. Qxd4 Rc1+) 32... Bc3 33. Qe2 Rc4 34. b5 Re4 {Accuracy: White = 35%, Black = 69%.} 0-1

[Event "SAIF POWERTEC 45th BAN Ch 2019"]
[Site "Dhaka"]
[Date "2019.11.08"]
[Round "7.11"]
[White "Saiful Islam, Chowdhury"]
[Black "Md Emdadul, Haque"]
[Result "0-1"]
[WhiteElo "2159"]
[BlackElo "2044"]
[Annotator "TA"]
[PlyCount "92"]
[EventDate "2019.11.02"]
[EventType "swiss"]
[EventCountry "BAN"]
[SourceTitle "playchess.com"]
[Source "ChessBase"]
[SourceQuality "1"]

{[%evp 14,92,59,56,58,56,75,62,70,67,74,78,81,73,79,66,79,73,72,75,70,56,73,36,110,107,119,71,66,59,43,0,14,14,14,13,13,0,0,0,0,0,0,0,0,0,0,-87,-82,-29982,-137,-185,-195,-184,-189,-189,-177,-183,-160,-159,-163,-155,-68,-263,-232,-191,-199,-878,-878,-29979,-29980,-29987,-29988,-29990,-29991,-29991,-29992,-29992,-29993,-29993,-29994]} 1. e4 e5 2. d4 exd4 3. Nf3 d6 4. Nxd4 Nf6 5. Nc3 Be7 6. Be2 Bd7 7. O-O Nc6 8. Be3 a6 {C47: Scotch Four Knights and Four Knights with 4 g3} (8... O-O 9. Qd2 Re8 10. Kh1 Nxd4 11. Bxd4 Bc6 12. f3 Nd7 13. Rad1 Bf6 14. Bg1 g6 15. b3 a5 16. Nd5 Bg7 {½-½ (77) Rohde,M (2375)-Moradiabadi,E (2549) Las Vegas 2018}) 9. f4 O-O 10. Bf3 Nxd4 {White is slightly better.} 11. Bxd4 c5 12. Bf2 Bc6 13. e5 dxe5 $146 ({Predecessor:} 13... Ne8) 14. fxe5 {Hoping for Bxc6.} Nd7 15. Bxc6 bxc6 16. Qe2 Qb8 17. e6 Nf6 $1 18. b3 Qb4 (18... Bd6 $1 $14) 19. Na4 $1 $16 Rae8 20. Rae1 Bd6 21. exf7+ Rxf7 22. Qf3 Ref8 23. c3 Qb8 24. Bg3 Bxg3 25. hxg3 Qd6 26. Qf4 Qd5 27. Re5 Qd3 {aiming for ...Nd7.} 28. Qf3 Qg6 {Threatens to win with ...Nd7.} 29. Re6 h5 30. Nxc5 (30. Rfe1 $11 {remains equal.}) 30... Qg5 $17 31. Qxc6 $2 {[%mdl 8192]} ({Don't go for} 31. Rxc6 $2 Ng4 $19) (31. b4 $17) 31... Qxg3 $2 (31... Ng4 {mates} 32. Rfe1 Qd2 33. Nd3 Qxd3 34. Rf6 Qxg3 35. Qe6 Qh2+ 36. Kf1 Nxf6 37. Ke2 Re8 $1 {[%mdl 512]} 38. Kd3 Rxe6 39. Rxe6 Qxg2 40. Kc4 Qd5+ 41. Kb4 Qxe6 42. c4 Qd6+ 43. c5 Qd4+ 44. Ka3 Nd5 45. c6 Rf2 46. c7 Qb4#) 32. Qd6 ({But not} 32. Rf3 $2 Ng4 $3 $19 {[%mdl 512]}) 32... Ne4 $1 {[%csl Gf8][%cal Rf7f1][%mdl 64] Discovered Attack} 33. Qxg3 Rxf1+ $40 {[%mdl 128] Black goes for the king.} 34. Kh2 Nxg3 35. Kxg3 R8f6 36. Rxa6 Rxa6 37. Nxa6 {[%mdl 4096] Endgame KR-KN} g5 ({Black should try} 37... Kf7 $17 38. Nc5 Ke7) 38. Nc5 $2 ({Only move:} 38. Kh2 $1 $15) 38... Kf7 39. a4 {[#]} Kg6 $1 {[%mdl 1024] Black has strong compensation.} 40. Ne4 $2 {[#]} (40. Kh2) 40... h4+ $1 $19 41. Kh3 Kf5 {[%cal Rf1h1] Black mates.} 42. Nd6+ Kf4 {[%cal Rf1h1]} 43. Kh2 g4 44. g3+ Kf3 {[%csl Gf3][%cal Rh4g3]} 45. Nf5 hxg3+ 46. Nxg3 Rf2+ {Accuracy: White = 36%, Black = 76%.} 0-1

[Event "SAIF POWERTEC 45th BAN Ch 2019"]
[Site "Dhaka"]
[Date "2019.11.08"]
[Round "7.12"]
[White "Rahman, Syed Mahfuzur"]
[Black "Chowdhury, Sohel"]
[Result "1-0"]
[WhiteElo "2158"]
[BlackElo "2096"]
[Annotator "TA"]
[PlyCount "77"]
[EventDate "2019.11.02"]
[EventType "swiss"]
[EventCountry "BAN"]
[SourceTitle "playchess.com"]
[Source "ChessBase"]
[SourceQuality "1"]

{[%evp 22,77,-4,0,38,42,32,30,38,35,39,30,24,25,28,27,139,135,163,64,195,159,198,111,337,324,608,603,593,95,594,594,553,535,511,313,299,263,636,636,621,621,596,591,863,861,836,825,6211,6199,6183,6034,6183,5561,5357,5300,2094,2094]} 1. d4 d5 2. c4 c6 3. Nc3 Nf6 4. Nf3 e6 5. e3 Nbd7 6. Bd3 dxc4 7. Bxc4 b5 8. Bd3 Bb7 9. e4 b4 10. Na4 c5 11. e5 Nd5 12. dxc5 Bxc5 {D47: Semi-Slav: Meran System} (12... Nxc5 13. Nxc5 Bxc5 14. O-O Be7 15. Qe2 Qb6 16. Ng5 h6 17. Ne4 Rd8 18. Qf3 Ba6 19. Rd1 O-O 20. Qg3 Kh8 21. Qh3 Kg8 22. Bxh6 gxh6 23. Qxh6 f5 24. Qg6+ Kh8 25. Qh6+ Kg8 26. Qg6+ Kh8 27. Qh6+ {½-½ (27) Aronian,L (2777)-Karjakin,S (2760) Zuerich 2015}) 13. Nxc5 Nxc5 14. Bb5+ Nd7 {White has an edge.} 15. Bg5 Qa5 16. Bxd7+ Kxd7 17. O-O h6 18. Bd2 $36 {[%mdl 2048] White is pushing.} Qb6 (18... Ke7 $11) 19. Be3 $1 $16 {[%cal Re3b6]} Qa5 $146 {[#]} ({Predecessor:} 19... Qb5 20. Nd4 Nxe3 21. fxe3 Qd5 22. Rxf7+ Kc8 23. Qc2+ {1-0 (23) Kazimova,N (2296)-Akkok,D (1761) Kahramanmaras 2018}) 20. a3 (20. Nd2 $1 $18) 20... b3 (20... Rhc8 $14) 21. Qxb3 Ba6 {[#]} 22. Rfc1 (22. Rfd1 $1 $18) 22... Rhb8 $2 (22... Rhc8 $16 {keeps fighting.}) 23. Qc2 $18 {And now Qc6+ would win.} Nxe3 $2 (23... Rc8) 24. Qc6+ (24. fxe3 Bb7 $18) 24... Ke7 {Hoping for ...Nd5.} 25. Qd6+ ({Less strong is} 25. fxe3 Rc8 $14) 25... Ke8 {Threatens to win with ...Nf5.} 26. Rc7 ({Weaker is} 26. fxe3 Rc8 $14) 26... Qxc7 27. Qxc7 Rc8 28. Qd6 Nc2 29. Nd4 ({Resist} 29. Qxa6 Nxa1 30. g4 Nc2 $16) 29... Bb7 $2 {[#]} (29... Nxd4 30. Qxa6 Nf5) 30. Nxe6 $1 {White is clearly winning.} fxe6 31. Qxe6+ Kf8 32. Rd1 {Threatening mate with Rd7.} Rc7 33. Rd7 Rxd7 34. Qxd7 Re8 35. e6 {[%csl Ge6][%cal Rd7f7]} Re7 36. Qd8+ Re8 37. Qd6+ Re7 38. Qb8+ {[%mdl 64] Double Attack} Re8 39. Qf4+ {Accuracy: White = 79%, Black = 36%.} 1-0

[Event "SAIF POWERTEC 45th BAN Ch 2019"]
[Site "Dhaka"]
[Date "2019.11.09"]
[Round "8.1"]
[White "Mohammad Minhaz Uddin"]
[Black "Murshed, Niaz"]
[Result "1/2-1/2"]
[WhiteElo "2322"]
[BlackElo "2400"]
[Annotator "TA"]
[PlyCount "38"]
[EventDate "2019.11.02"]
[EventType "swiss"]
[EventCountry "BAN"]
[SourceTitle "playchess.com"]
[Source "ChessBase"]
[SourceQuality "1"]

{[%evp 15,16,-16,-9]} 1. e4 c5 2. Nf3 Nc6 3. d4 cxd4 4. Nxd4 g6 5. Nc3 Bg7 6. Be3 Nf6 7. Be2 O-O 8. O-O d5 {Predecessor:} 9. exd5 $146 Nxd5 10. Nxd5 Qxd5 11. Nxc6 Qxc6 12. c3 Bf5 13. Bf3 Be4 14. Bxe4 Qxe4 15. Qe2 Rfd8 16. Rad1 Bh6 17. g3 Bxe3 18. Qxe3 Qxe3 19. fxe3 Rac8 {½-½ (31) Zhou,W (2597)-Ni,H (2683) China 2018} 1/2-1/2

[Event "SAIF POWERTEC 45th BAN Ch 2019"]
[Site "Dhaka"]
[Date "2019.11.09"]
[Round "8.2"]
[White "Rahman, Taibur"]
[Black "Mohammad Fahad, Rahman"]
[Result "0-1"]
[WhiteElo "2196"]
[BlackElo "2247"]
[Annotator "TA"]
[PlyCount "36"]
[EventDate "2019.11.02"]
[EventType "swiss"]
[EventCountry "BAN"]
[SourceTitle "playchess.com"]
[Source "ChessBase"]
[SourceQuality "1"]

{[%evp 12,56,7,-1,-2,8,12,6,28,0,0,0,0,-39,-35,-52,-28,-36,-54,-136,-153,-372,-380,-342,-347,-1364,-424,-412,-573,-416,-404,-393,-401,-403,-395,-489,-482,-791,-758,-943,-932,-935,-922,-29991,-5401,-29992,-5301]} 1. d4 Nf6 2. c4 e6 3. Nc3 Bb4 4. e3 O-O 5. Bd3 c5 6. Nf3 d5 7. cxd5 exd5 {E53: Nimzo-Indian: Rubinstein: Main Line (4...0-0 5 Nf3 d5 6 Bd3 c5 7 0-0)} 8. dxc5 Bg4 9. O-O Nbd7 {The position is equal.} 10. Ne2 $146 ({Predecessor:} 10. Bd2 Bxf3 11. Qxf3 Nxc5 12. Bc2 Nce4 13. Bxe4 Nxe4 14. Rfd1 Qa5 15. Nxe4 dxe4 16. Bxb4 Qxb4 {0-1 (51) Carlsen,M (2851)-So,W (2789) Leuven 2017}) 10... Bxf3 11. gxf3 Ne5 12. Nd4 Bxc5 13. Be2 Qd7 14. b3 Qh3 {Hoping for ...Bd6.} 15. Bb2 (15. Kh1 $15) 15... Ng6 $1 $17 {[%cal Rg6h4] ( -> ...Nh4)} 16. Re1 $2 (16. Kh1 $17 Bd6 17. f4) 16... Bd6 $19 17. f4 {[#]} Nxf4 $1 {[%csl Gf4][%cal Rh3g2][%mdl 512]} 18. Bf3 $2 {[#]} (18. exf4 Bxf4 19. Nf3) 18... Ng4 {Played: Nf4-d3} 0-1

[Event "SAIF POWERTEC 45th BAN Ch 2019"]
[Site "Dhaka"]
[Date "2019.11.09"]
[Round "8.2"]
[White "Rahman, Taibur"]
[Black "Mohammad Fahad, Rahman"]
[Result "*"]
[WhiteElo "2196"]
[BlackElo "2247"]
[Annotator "RC"]
[PlyCount "56"]
[EventDate "2019.11.02"]
[EventType "swiss"]
[EventCountry "BAN"]
[SourceTitle "playchess.com"]
[Source "ChessBase"]
[SourceQuality "1"]
[TimeControl "40/5400+30:1800+30"]

1. d4 {[%emt 0:07:13]} Nf6 {[%emt 0:00:08]} 2. c4 {[%emt 0:00:04]} e6 {[%emt 0:00:17]} 3. Nc3 {[%emt 0:00:05]} Bb4 {[%emt 0:01:09]} 4. e3 {[%emt 0:00:05]} O-O {[%emt 0:00:13]} 5. Bd3 {[%emt 0:00:04]} c5 {[%emt 0:00:22]} 6. Nf3 {[%emt 0:00:12]} d5 {[%emt 0:00:30]} 7. cxd5 {[%emt 0:01:44]} exd5 {[%emt 0:00:02]} 8. dxc5 {[%emt 0:00:11]} Bg4 {[%emt 0:00:07]} 9. O-O {[%emt 0:00:25]} Nbd7 {[%emt 0:00:29]} 10. Ne2 {[%emt 0:04:14]} Bxf3 {[%emt 0:05:53]} 11. gxf3 {[%emt 0:00:11]} Ne5 {[%emt 0:01:46]} 12. Nd4 {[%emt 0:04:48]} Bxc5 {[%emt 0:05:42]} 13. Be2 {[%emt 0:15:27]} Qd7 {[%emt 0:09:58]} 14. b3 {[%emt 0:03:11]} Qh3 {[%emt 0:03:01]} 15. Bb2 {[%emt 0:04:00]} Ng6 {[%emt 0:16:37]} 16. Re1 {[%emt 0:42:45]} Bd6 {[%emt 0:51:46]} 17. f4 {[%emt 0:00:17]} Nxf4 {[%emt 0:01:22]} 18. Bf3 {[%emt 0:10:08]} Nd3 {[%emt 0:00:47]} 19. Bg2 {[%emt 0:01:46]} Qxh2+ {[%emt 0:00:39]} 20. Kf1 {[%emt 0:00:04]} Nxe1 {[%emt 0:46:15]} 21. Qxe1 {[%emt 0:00:03]} Ne4 {[%emt 0:01:50]} 22. Rd1 {[%emt 0:00:36]} Rfd8 {[%emt 0:01:05]} 23. Qa5 {[%emt 0:02:21]} Qh4 {[%emt 0:01:31]} 24. Bxe4 {[%emt 0:01:00]} dxe4 {[%emt 0:00:29]} 25. Rc1 {[%emt 0:00:57]} Rac8 {[%emt 0:03:17]} 26. Rxc8 {[%emt 0:00:28]} Rxc8 {[%emt 0:00:05]} 27. Qxa7 {[%emt 0:00:12]} Qh1+ {[%emt 0:00:20]} 28. Ke2 {[%emt 0:01:29]} Qb1 {[%emt 0:00:02]} *

[Event "SAIF POWERTEC 45th BAN Ch 2019"]
[Site "Dhaka"]
[Date "2019.11.09"]
[Round "8.3"]
[White "Mollah Abdullah, Al Rakib"]
[Black "Manon, Reja Neer"]
[Result "1-0"]
[WhiteElo "2462"]
[BlackElo "2030"]
[Annotator "TA"]
[PlyCount "69"]
[EventDate "2019.11.02"]
[EventType "swiss"]
[EventCountry "BAN"]
[SourceTitle "playchess.com"]
[Source "ChessBase"]
[SourceQuality "1"]

{[%evp 16,68,52,37,58,30,77,70,64,65,112,82,109,91,122,119,124,113,183,106,96,107,108,139,129,77,161,111,111,92,247,252,251,245,279,267,278,293,378,355,343,337,459,428,962,830,6399,3687,29984,29985,29982,29983,29997,29998,29998]} 1. d4 Nf6 2. c4 e6 3. Nf3 b6 4. a3 Bb7 5. Nc3 Be7 6. d5 exd5 7. cxd5 O-O 8. e4 d6 9. Bd3 Re8 {E12: Queen's Indian: Unusual White 4th moves, 4 a3, 4 Nc3 Bb7 5 a3 and 4 Nc3 Bb7} 10. O-O Nfd7 11. Nd4 Bf6 {White is slightly better.} 12. Be3 a6 13. Rc1 Ne5 14. Be2 $1 Nbd7 15. f4 Ng6 16. b4 Rc8 $146 {[#]} (16... Bxd4 $16 {keeps fighting.} 17. Bxd4 (17. Qxd4 Nf6 $16) 17... Nf6) ({Predecessor:} 16... b5 17. a4 bxa4 18. Qxa4 {1-0 (55) Bagaturov,G (2453)-Ghassan,M (2138) Tbilisi 2010}) 17. Qd3 ({Better is} 17. Nc6 $1 $18 {[%cal Rc6d8]} Bxc6 18. dxc6) 17... Bxd4 $16 18. Bxd4 Nf6 19. g3 $36 {[%mdl 2048] White is on the roll.} b5 20. Bf3 (20. Bxf6 $142 Qxf6 21. Bg4) 20... h6 (20... c6 $16) 21. Bg2 c6 22. Bxf6 Qxf6 $2 {[#]} (22... gxf6 $16 23. dxc6 Rxc6) 23. e5 $1 $18 {[%cal Re5f6][%mdl 512]} dxe5 {...cxd5 is the strong threat.} 24. f5 Nf8 {With the idea ...cxd5.} 25. Ne4 Qd8 26. d6 Qb6+ 27. Nc5 Rcd8 28. Kh1 Ba8 29. f6 {And now fxg7 would win.} Nd7 (29... g6 $142 30. g4 e4 31. Bxe4 Re6 32. Nxe6 Nxe6) 30. fxg7 Nxc5 31. bxc5 {Threatening mate with Qf5.} Qb7 32. Rf6 {White mates.} Re6 33. Qf5 Qd7 34. Be4 {[%csl Ge4][%cal Rf5h7]} Kxg7 {Accuracy: White = 76%, Black = 26%.} 35. Qh7+ 1-0

[Event "SAIF POWERTEC 45th BAN Ch 2019"]
[Site "Dhaka"]
[Date "2019.11.09"]
[Round "8.4"]
[White "Rahman, Ziaur"]
[Black "Reefat, Bin-Sattar"]
[Result "0-1"]
[WhiteElo "2454"]
[BlackElo "2417"]
[Annotator "TA"]
[PlyCount "68"]
[EventDate "2019.11.02"]
[EventType "swiss"]
[EventCountry "BAN"]
[SourceTitle "playchess.com"]
[Source "ChessBase"]
[SourceQuality "1"]

{[%evp 15,68,0,13,18,9,4,8,0,0,-22,-43,-41,-32,-35,-30,-23,-25,-39,-43,-30,-35,-40,-34,-33,-30,-34,-23,-105,-86,-90,-47,-39,-53,-134,-125,-139,-107,-266,-241,-264,-283,-286,-257,-250,-259,-290,-291,-304,-179,-347,-339,-406,-392,-839,-839]} 1. e4 e6 2. d4 d5 3. Nd2 c5 4. Ngf3 cxd4 5. Nxd4 Nc6 6. Bb5 Bd7 7. Nxc6 bxc6 8. Bd3 Qc7 9. Qe2 {C07: French Tarrasch: 3...c5, 4 Ngf3 and 4 exd5 Qxd5} Ne7 10. Nf3 (10. O-O Ng6 11. Nf3 Bd6 12. c4 dxe4 13. Bxe4 O-O 14. Rd1 Rad8 15. h3 c5 16. b3 Bc6 {0-1 (40) Nepomniachtchi,I (2763)-Vitiugov,N (2719) St Petersburg 2018}) 10... Ng6 11. e5 {The position is equal.} c5 12. c4 dxc4 13. Bxc4 Bc6 14. O-O Rb8 15. Re1 Be7 16. Ng5 O-O $146 ({Predecessor:} 16... Bxg5 17. Bxg5 {0-1 (82) Popovic,D (2539)-Van der Lende,I (2344) Leiden 2018}) 17. Qh5 {[%csl Gg5][%cal Rh5h7]} Bxg5 $1 18. Qxg5 Bb5 19. Bb3 Bd3 20. Bd1 c4 21. Bh5 (21. b3 $11 {keeps the balance.}) 21... h6 22. Qg3 {[#]} Qa5 $1 {[%cal Ra5e1][%mdl 512]} 23. Qe3 Qa6 24. Qd4 (24. Bxg6 $15 fxg6 25. f4) 24... Rfd8 $17 25. Qc3 {[#]} Nh4 $1 26. Bg4 $2 (26. g3 $17 {might work better.} Nf5 27. b3) 26... Qc6 {[%csl Gh4][%cal Rc6g2]} 27. Bh3 Bf5 {...Rd3 is the strong threat.} 28. Qg3 Bxh3 29. Qxh3 Nf5 30. Qg4 Rd4 31. Qe2 Rb5 $40 {[%mdl 128] White is in trouble.} (31... c3 $142 {And now ...c2 would win.} 32. bxc3 {[#]} Nh4 $1 {[%mdl 512]}) 32. b3 $2 (32. Be3 Rxe5 33. Rac1) 32... c3 $19 (32... cxb3 $2 33. axb3 Rxb3 34. Be3 $17) 33. Ba3 Ra5 34. Bd6 $2 (34. Bc1) 34... Nh4 {Accuracy: White = 24%, Black = 85%.} 0-1